Econometric analysis / (Record no. 2525)
[ view plain ]
| 000 -LEADER | |
|---|---|
| fixed length control field | 00893cam a22002774a 4500 |
| 001 - CONTROL NUMBER | |
| control field | 12855053 |
| 003 - CONTROL NUMBER IDENTIFIER | |
| control field | NUST |
| 005 - DATE AND TIME OF LATEST TRANSACTION | |
| control field | 20240327103856.0 |
| 008 - FIXED-LENGTH DATA ELEMENTS--GENERAL INFORMATION | |
| fixed length control field | 020715s2003 njua b 001 0 eng |
| 010 ## - LIBRARY OF CONGRESS CONTROL NUMBER | |
| LC control number | 2002029308 |
| 020 ## - INTERNATIONAL STANDARD BOOK NUMBER | |
| International Standard Book Number | 978-0130661890 |
| 040 ## - CATALOGING SOURCE | |
| Original cataloging agency | DLC |
| Transcribing agency | DLC |
| 042 ## - AUTHENTICATION CODE | |
| Authentication code | pcc |
| 050 00 - LIBRARY OF CONGRESS CALL NUMBER | |
| Classification number | HB139 |
| Item number | .G74 2003 |
| 082 00 - DEWEY DECIMAL CLASSIFICATION NUMBER | |
| Classification number | 330.015195 |
| Author Mark | GRE |
| 100 1# - MAIN ENTRY--PERSONAL NAME | |
| Personal name | Greene, William H., |
| Dates associated with a name | 1951- |
| 9 (RLIN) | 122219 |
| 245 10 - TITLE STATEMENT | |
| Title | Econometric analysis / |
| Statement of responsibility, etc. | William H. Greene. |
| 250 ## - EDITION STATEMENT | |
| Edition statement | 5th ed. |
| 260 ## - PUBLICATION, DISTRIBUTION, ETC. | |
| Place of publication, distribution, etc. | Upper Saddle River, N.J. : |
| Name of publisher, distributor, etc. | Prentice Hall, |
| Date of publication, distribution, etc. | 2003. |
| 300 ## - PHYSICAL DESCRIPTION | |
| Extent | xxx, 1026 p. : |
| Other physical details | ill. ; |
| Dimensions | 25 cm. |
| 504 ## - BIBLIOGRAPHY, ETC. NOTE | |
| Bibliography, etc. note | Includes bibliographical references (p. 959-994) and indexes. |
| 650 #0 - SUBJECT ADDED ENTRY--TOPICAL TERM | |
| Topical term or geographic name entry element | Econometrics. |
| 906 ## - LOCAL DATA ELEMENT F, LDF (RLIN) | |
| a | 7 |
| b | cbc |
| c | orignew |
| d | 1 |
| e | ocip |
| f | 20 |
| g | y-gencatlg |
| 942 ## - ADDED ENTRY ELEMENTS (KOHA) | |
| Source of classification or shelving scheme | |
| Koha item type | Book |
| Withdrawn status | Lost status | Source of classification or shelving scheme | Damaged status | Not for loan | Permanent Location | Current Location | Shelving location | Date acquired | Full call number | Barcode | Date last seen | Price effective from | Koha item type | Total Checkouts | Date last checked out | Total Renewals |
|---|---|---|---|---|---|---|---|---|---|---|---|---|---|---|---|---|
| Central Library (CL) | Central Library (CL) | Economics | 01/25/2016 | 330.015195 GRE | S3H-S-644 | 07/30/2018 | 01/25/2016 | Book | ||||||||
| Central Library (CL) | Central Library (CL) | Economics | 01/25/2016 | 330.015195 GRE | S3H-S-645 | 01/15/2018 | 11/18/2016 | Book | 1 | 10/10/2017 | ||||||
| Central Library (CL) | Central Library (CL) | Economics | 05/30/2016 | 330.015195 GRE | S3H-N-766 | 11/01/2023 | 05/30/2016 | Book | 1 | 09/28/2023 | 1 | |||||
| Central Library (CL) | Central Library (CL) | Economics | 05/31/2016 | 330.015195 GRE | S3H-N-735 | 05/31/2016 | 05/31/2016 | Book | ||||||||
| Central Library (CL) | Central Library (CL) | Economics | 05/31/2016 | 330.015195 GRE | S3H-N-736 | 02/09/2018 | 05/31/2016 | Book | 1 | 12/20/2017 | ||||||
| Central Library (CL) | Central Library (CL) | Economics | 08/28/2013 | 330.015195 GRE | NBS5519 | 03/27/2024 | 03/27/2024 | Book |
